The legacy of Islam / (Record no. 20329)

MARC details
000 -LEADER
fixed length control field 01481cam a22002891 4500
001 - CONTROL NUMBER
control field 7347081
003 - CONTROL NUMBER IDENTIFIER
control field BDDh-ASL
005 - DATE AND TIME OF LATEST TRANSACTION
control field 20231015025856.0
008 - FIXED-LENGTH DATA ELEMENTS--GENERAL INFORMATION
fixed length control field 750507s19601931enkaf b 001 0 eng
010 ## - LIBRARY OF CONGRESS CONTROL NUMBER
LC control number 31034509
035 ## - SYSTEM CONTROL NUMBER
System control number (OCoLC)1316552
040 ## - CATALOGING SOURCE
Original cataloging agency DLC
Transcribing agency FO
Modifying agency OCoLC
-- DLC
-- BDDh-ASL
042 ## - AUTHENTICATION CODE
Authentication code premarc
050 00 - LIBRARY OF CONGRESS CALL NUMBER
Classification number D199.3
Item number .A7
082 ## - DEWEY DECIMAL CLASSIFICATION NUMBER
Classification number 297.09
Item number ARL
100 1# - MAIN ENTRY--PERSONAL NAME
Personal name Arnold, Thomas Walker,
Titles and words associated with a name Sir,
Dates associated with a name 1864-1930,
Relator term ed.
245 14 - TITLE STATEMENT
Title The legacy of Islam /
Statement of responsibility, etc. edited by the late Sir Thomas Arnold ... and Alfred Guillaume ...
260 ## - PUBLICATION, DISTRIBUTION, ETC.
Place of publication, distribution, etc. Oxford:
Name of publisher, distributor, etc. The Clarendon press,
Date of publication, distribution, etc. 1960.
300 ## - PHYSICAL DESCRIPTION
Extent xvi, 416 p.
Other physical details front., illus., plates.
Dimensions 19 cm.
504 ## - BIBLIOGRAPHY, ETC. NOTE
Bibliography, etc. note Contains bibliographies.
505 0# - FORMATTED CONTENTS NOTE
Formatted contents note Spain and Portugal, by J. B. Trend.--The crusades, by Ernest Baker.--Geography and commerce, by J. H. Kramera--Islamic minor arts and their influence upon European work, by A. H. Christie.--Islamic art and its influence on painting in Europe, by the late Sir Thomas Arnold.- Architecture, by M. S. Briggs.--Literature, by H. A. R. Gibb.--Mysticism, by R. A. Nicholson.--Philosophy and theology, by Alfred Guillaume.-- Law and society, by David de Santillana.--Science and medicine, by Max Meyerhof.--Music, by H. G. Farmer.--Astronomy and mathematics, by Baron Carra de Vauz.--Index.
650 #0 - SUBJECT ADDED ENTRY--TOPICAL TERM
Topical term or geographic name entry element Islamic civilization.
650 #0 - SUBJECT ADDED ENTRY--TOPICAL TERM
Topical term or geographic name entry element Islam.
700 1# - ADDED ENTRY--PERSONAL NAME
Personal name Guillaume, Alfred,
Dates associated with a name 1888-
Relator term joint ed.
906 ## - LOCAL DATA ELEMENT F, LDF (RLIN)
a 7
b cbc
c oclcrpl
d u
e ncip
f 19
g y-gencatlg
942 ## - ADDED ENTRY ELEMENTS (KOHA)
Source of classification or shelving scheme Dewey Decimal Classification
Koha item type Books
Holdings
Withdrawn status Lost status Source of classification or shelving scheme Damaged status Not for loan Collection code Home library Current library Shelving location Date acquired Source of acquisition Total Checkouts Full call number Barcode Date last seen Copy number Price effective from Koha item type Public note
    Dewey Decimal Classification   Not For Loan Non-fiction Asiatic Society Library Asiatic Society Library General Stacks 12/29/2020 ASB Collection   297.09 ARL 103751 12/29/2020 C-1 12/29/2020 Books RARE
    Dewey Decimal Classification     Non-fiction Asiatic Society Library Asiatic Society Library General Stacks 06/19/2021 Donated by A. K. M. Azizul Haq and Prof. Husniara Haq   297.09 ARL 109690 06/19/2021 C-2 06/19/2021 Books Rare

Powered by Koha